|
|
|
|
| LEADER |
00868nam a22002652a 4500 |
| 001 |
001756554 |
| 003 |
CZ BrMZK |
| 005 |
20200805102818.0 |
| 007 |
ta |
| 008 |
200630s1962 xr o er|||||||||||fre d |
| 015 |
|
|
|a cnb000476241
|
| 035 |
|
|
|a (OCoLC)42132134
|
| 040 |
|
|
|a ABA001
|b cze
|c PNA001
|d ABA001
|d BOA001
|
| 041 |
1 |
|
|a fre
|h cze
|
| 080 |
|
|
|a 779:73/75(519)=4
|
| 100 |
1 |
|
|a Forman, Werner,
|d 1921-2010
|7 jk01031570
|4 aut
|
| 245 |
1 |
0 |
|a L'art ancien en Corée /
|c Werner Forman, Jaroslav Bařinka
|
| 260 |
|
|
|a Prague :
|b Artia,
|c 1962
|
| 300 |
|
|
|a 72 s. :
|b [144] s. fot. a barev. fot. příl. ;
|c 4°
|
| 500 |
|
|
|a Přeloženo z češtiny
|
| 700 |
1 |
|
|a Bařinka, Jaroslav,
|d 1931-2020
|7 jk01011044
|4 aut
|
| 910 |
|
|
|a BOA001
|b 3-0493.917
|
| 990 |
|
|
|a BK
|
| 991 |
|
|
|b 202006
|
| 996 |
6 |
|
|b 2618887125
|c 3-0493.917
|l MZK
|r Sklad / do 1 hodiny
|n 0
|w 001811513
|u 000010
|a 1
|e BOA001
|j MZK50
|s P
|